000 00720cam a2200241 a 4500
001 000008894
005 20200929161432.0
008 931208s2001 mx 000 f spa d
020 _a9681904087
035 _a(DLC) 93240792
040 _aDO-SdBNP
_dspa
_cLC
_bBNPHU
082 _aCh863.44
_bS487p
100 1 _aSerrano, Marcela,
_d1951-
_923453
245 1 0 _aPara que no me olvides /
_cMarcela Serrano.
260 _aMéxico :
_bAlfaguara,
_c2001.
300 _a261 p. ;
_c22 cm.
500 _aLa biblioteca posee la decimasegunda reimpresión de la primera edición.
650 4 _aNovela chilena
_93163
650 4 _aLiteratura chilena
_93164
910 _aCatalogación derivada
910 _aWM
049 _aBNGR
999 _c8663
_d8663